000 00491cam a22001934a 4500
005 20250605163608.0
008 250528s ||||||||||||||||||||||||d
035 _a22441
020 _a9789600345933
040 _aGR-AtMCL
_bgre
_dGR-AtMCL
_eAACR2
245 1 _aΟ ΠΑΙΔΙΚΟΣ ΑΥΤΙΣΜΟΣ
250 _a6
260 _bΚαστανιώτη,
_c1999
300 _a250
700 1 _aΣυνοδινου Κλαιρη
942 _cBK
999 _c7493
_d7493